Normal view
MARC view
- البنوك الاسلامية- المسؤلية الاجتماعية
Entry Topical Term
001 - CONTROL NUMBER
- control field: 61179
003 - CONTROL NUMBER IDENTIFIER
- control field: JO-AjAnu
005 - DATE AND TIME OF LATEST TRANSACTION
- control field: 20230606084010.0
008 - FIXED-LENGTH DATA ELEMENTS
- fixed length control field: 230606|| aca||aabn | a|a d
040 ## - CATALOGING SOURCE
- Original cataloging agency: JO-AjAnu
- Transcribing agency: JO-AjAnu
150 ## - HEADING--TOPICAL TERM
- Topical term or geographic name entry element: البنوك الاسلامية- المسؤلية الاجتماعية
670 ## - SOURCE DATA FOUND
- Source citation: Work cat.: (JO-AjAnu)31204: اعداد الغروف، أزهار باسم محمد؛ إشراف قاسم موسى ابو عيد , author 61178, العوامل الداخلية المؤثرة في تحسين المسؤولية الاجتماعية في المصارف الاسلامية الأردنية=internal Factors Affecting the improvement of Social Responsibility in jordanian islamic Banks